000 00627nam a2200205Ia 4500
003 GCL
008 140319s9999 xx 000 0 ara d
040 _aGCL /
_cGCL
082 0 4 _a157.7
_bع د
100 1 _aعبدالرحمن عيسوى
245 1 0 _aدراسات فى الشخصية الاسلامية والعربية واساليب تسميتها /
_cعبدالرحمن عيسوى
300 _a203 ص
490 _a
650 0 4 _aالشخصية
650 0 4 _aالمراهقة
650 0 4 _aالدوافع النفسية
650 0 4 _aالسلوك الاجتماعى
650 0 4 _aالشباب
942 _2ddc
_cBK
999 _c39031
_d39031